Teoría del desarrollo (Registro nro. 4366)

Detalles MARC
000 -LEADER
fixed length control field 01569 a2200217 4500
001 - CONTROL NUMBER
control field 47462
005 - DATE AND TIME OF LATEST TRANSACTION
control field 20260407155741.0
008 - FIXED-LENGTH DATA ELEMENTS--GENERAL INFORMATION
fixed length control field 260407a1973 arg spa d
003 - CONTROL NUMBER IDENTIFIER
control field AR-UNSa-BCEJYS
040 ## - CATALOGING SOURCE
Original cataloging agency AR-UNSa-BCEJYS
Language of cataloging spa
Transcribing agency AR-UNSa-BCEJYS
080 ## - UNIVERSAL DECIMAL CLASSIFICATION NUMBER
Universal Decimal Classification number 330.34
Common auxiliary subdivision Desarrollo Económico
020 ## - INTERNATIONAL STANDARD BOOK NUMBER
International Standard Book Number 84-270-0231-9
100 1# - MAIN ENTRY--PERSONAL NAME
Personal name Robinson, Joan
245 10 - TITLE STATEMENT
Title Teoría del desarrollo
Name of part/section of a work aspectos críticos
264 #1 - PRODUCTION, PUBLICATION, DISTRIBUTION, MANUFACTURE, AND COPYRIGHT NOTICE
Place of production, publication, distribution, manufacture Barcelona :
Name of producer, publisher, distributor, manufacturer Ediciones Martínez Roca
Date of production, publication, distribution, manufacture, or copyright notice 1973
300 ## - PHYSICAL DESCRIPTION
Extent 320 p.
Dimensions 20 cm.
505 ## - FORMATTED CONTENTS NOTE
Formatted contents note Primera Parte: 1. Marx, Marshall y Keynes - 2. Notas sobre Marx y Marshall - 3. La filosofía de los precios - 4. La teoría del valor trabajo - 5. La acumulación de capital / Rosa Luxemburg - 6. El modelo de una economía en expansión - 7. Notas sobre la teoría del desarrollo económico - 8. Población y desarrollo - Segunda Parte : 9. La función de producción y la teoría del capital - 10. La acumulación y la función de producción - 11. La teoría de la distribución - 12. Capital, técnicas y partes relativas - 13. El verdadero efecto Wicksell - 14. Ahorro sin inversión - 15. Algunos problemas de definición y medida del capital - 16. Depreciación - Tercera Parte : 17. La competencia imperfecta en retrospectiva - 18. La competencia imperfecta, hoy - Cuarta Parte : 19. El tipo de interés - 20. Una nota sobre el tipo bancario - 21. Pleno empleo e inflación.
590 ## - LOCAL NOTE (RLIN)
Local note niveau_biblio:m niveau_hierar:0
856 41 - ELECTRONIC LOCATION AND ACCESS
Uniform Resource Identifier <a href="https://www.biblioeco.unsa.edu.ar/pmb/images/libros/L127509.jpg">https://www.biblioeco.unsa.edu.ar/pmb/images/libros/L127509.jpg</a>
Link text Imagen de portada
Electronic format type image/jpeg
942 ## - ADDED ENTRY ELEMENTS (KOHA)
Koha item type
Existencias
Withdrawn status Lost status Damaged status Not for loan Home library Current library Shelving location Date acquired Total checkouts Full call number Barcode Date last seen Price effective from Koha item type
        Biblioteca Prof. Eusebio Cleto del Rey Biblioteca Prof. Eusebio Cleto del Rey   07/04/2026   330.34 R655t L127509 07/04/2026 07/04/2026 Libro